Favourite Daughter - Lorde (All Lyrics) - Statistics

General Stats
  • This quiz has been taken 110 times
  • The average score is 234 of 292
Answer Stats
Lyrics % Correct
a
100%
I
100%
the
100%
You
100%
you
100%
your
98%
my
96%
of
96%
When
96%
when
96%
who
96%
an
94%
be
94%
daughter
94%
favourite
94%
I'm
94%
to
94%
was
94%
were
94%
in
91%
In
91%
in,
91%
It
91%
it
91%
no
91%
actress,
89%
'Cause
89%
for
89%
medals
89%
all
87%
damn
87%
gave
87%
Just
87%
just
87%
one
87%
won
87%
And
85%
every
85%
love
85%
sing
85%
singer
85%
ya
85%
back
83%
fan
83%
"He
83%
so
83%
So
83%
break
81%
Breaking
81%
look
81%
with
81%
as
79%
at
79%
heart"
79%
heart
79%
heart?
79%
not
77%
room
77%
dark
74%
kid
74%
like
74%
night,
74%
night
74%
up
74%
Ah
72%
ah,
72%
ah
72%
always
72%
day,
72%
fakin'
72%
go
72%
People
72%
run,
72%
runnin'
72%
told
72%
us
72%
brother,
70%
fills
70%
had
70%
him
70%
kids
70%
Panic
70%
Some
70%
some
70%
attack
68%
broken
68%
died
68%
off
68%
mother
66%
say
66%
takes
66%
can't
64%
Everywhere
64%
good
64%
Now
64%
plane
64%
that
64%
word
64%
are
62%
But
62%
Scared
62%
star
62%
anger
60%
convinced
60%
from
60%
don't
57%
notes
57%
Why
57%
you'll
57%
carry
55%
could
55%
did
55%
Then
55%
weight
55%
brave
53%
have
53%
open
53%
being
51%
door
51%
hit
51%
imagine
51%
dream
49%
whim
49%
give
47%
myself
47%
tell
47%
There's
47%
we'll
47%
get
45%
listen
45%
still
45%
Why'd
45%
big?
43%
find
43%
hoping
40%
keep
40%
talk
40%
dancing
38%
soon
38%
sick
34%
till
32%
No matching quizzes found
Score Distribution
Percent of People with Each Score
Percentile by Number Answered
Your Score History
You have not taken this quiz